000 00895nam a2200265 a 4500
003 BLK
005 20250729094129.0
007 ta
008 221104b bu |||||r|||| 00| | bu d
020 _a9789542624172
040 _aBLK
041 _aBUL
_cBUL
080 _9226869
_aАнглийска литература
_b821.111
_x-31
_z821.111-31
084 _aЛ 40
100 _9492180
_aЛейн, Сорая
245 _aКубинската наследница
_cСорая Лейн; прев. от англ. Пепа Стоилова
260 _9209439
_aПловдив
_bХермес
_c2024
300 _a304 с.
_c20 см
380 _aX
700 _9364979
_aСтоилова, Пепа Стоилова
_eпрев.
852 _bП
_c821-31/Л 40 С
856 _i0.00
_ldisable
942 _cKNG
_n0
_017
944 _a30570
_cМоника Янева
_k30575
_lМартин Енчев
999 _c526544
_d526544